| 000 | 00671nam a2200241 a 4500 | ||
|---|---|---|---|
| 001 | 14208 | ||
| 003 | BD-JhCC | ||
| 005 | 20250213082258.0 | ||
| 008 | 250209b2017 e a|||| ||a| 000 0 eng d | ||
| 020 | _a 9781786330895 | ||
| 035 | _a(BD-JhCC)14208 | ||
| 040 |
_aBD-JhCC _dBD-JhCC |
||
| 041 | _aenglish | ||
| 082 |
_a158.1 _bGAR 2017 |
||
| 100 | _a Garcia , Hector | ||
| 245 |
_aIkigai : _b the Japanese secret to a long and happy life / _cHector Garcia , Francesc Miralles. |
||
| 260 |
_aLondon: _b Hutchinson; _c2017. |
||
| 300 |
_a196 p . _c21 cm. |
||
| 650 | _aSelf-help and meditation | ||
| 700 | _a Miralles , Francesc | ||
| 942 |
_2ddc _cBK |
||
| 999 |
_c14208 _d14208 |
||